000 00720pam a2200241 a 4500
001 4981158
005 20171226070130.0
008 980706s1999 maua b 001 0 eng
010 _a 98036042
020 _a0073034061 (alk. paper)
040 _aDLC
_cDLC
_dDLC
041 _aeng
043 _an-us---
080 _a320.473 PAT
082 0 0 _a320.473 PAT
_221
100 1 _a19
101 _aPOL
245 1 4 _aThe American democracy /
_cThomas E. Patterson.
504 _aIncludes bibliographical references and index.
906 _a7
_bcbc
_corignew
_d1
_eocip
_f19
_gy-gencatlg
942 _2ddc
_cBK
999 _c39391
_d39391